American revolution : (Record no. 818)

MARC details
000 -LEADER
fixed length control field 01130cam a2200301 a 4500
005 - DATE AND TIME OF LATEST TRANSACTION
control field 20231124093034.0
020 ## - INTERNATIONAL STANDARD BOOK NUMBER
International Standard Book Number 9780545571739
040 ## - CATALOGING SOURCE
Original cataloging agency DLC
Transcribing agency DLC
Modifying agency DLC
Language of cataloging eng
050 00 - LIBRARY OF CONGRESS CALL NUMBER
Classification number E208
Item number O83 2004
082 00 - DEWEY DECIMAL CLASSIFICATION NUMBER
Classification number 973.3
Edition number 21
100 1# - MAIN ENTRY--PERSONAL NAME
Personal name Osborne, Mary Pope.
245 10 - TITLE STATEMENT
Title American revolution :
Remainder of title a nonfiction companion to Magic Tree House #22 Revolutionary War on Wednesday /
Statement of responsibility, etc. by Mary Pope Osborne and Natalie Pope Boyce ; illustrated by Sal Murdocca.
250 ## - EDITION STATEMENT
Edition statement 1st ed.
260 ## - PUBLICATION, DISTRIBUTION, ETC.
Place of publication, distribution, etc. New York :
Name of publisher, distributor, etc. Random House,
Date of publication, distribution, etc. 2004.
300 ## - PHYSICAL DESCRIPTION
Extent 121 pages :
Other physical details illustrations., maps ;
Dimensions 20 cm
490 ## - SERIES STATEMENT
Series statement Magic tree house fact tracker
Volume/sequential designation Book 22
500 ## - GENERAL NOTE
General note "A stepping stone book."
505 ## - FORMATTED CONTENTS NOTE
Formatted contents note O <br/>
520 ## - SUMMARY, ETC.
Summary, etc. Presents a picture of life in colonial America and reviews the causes and major events of the American Revolution.
521 ## - TARGET AUDIENCE NOTE
Target audience note 600 <br/>
Source Lexile <br/>
521 ## - TARGET AUDIENCE NOTE
Target audience note O <br/>
Source Raz-Plus <br/>
700 1# - ADDED ENTRY--PERSONAL NAME
Personal name Boyce, Natalie Pope.
700 1# - ADDED ENTRY--PERSONAL NAME
Personal name Murdocca, Sal
Relator term illustrator
700 1# - ADDED ENTRY--PERSONAL NAME
Personal name Osborne, Mary Pope.
Title of a work Revolutionary War on Wednesday.
906 ## - LOCAL DATA ELEMENT F, LDF (RLIN)
a 7
b cbc
c orignew
d 1
e ecip
f 20
g y-gencatlg
942 ## - ADDED ENTRY ELEMENTS (KOHA)
Source of classification or shelving scheme Dewey Decimal Classification
Koha item type Books
Suppress in OPAC No
999 ## -
-- 818
-- 818
Holdings
Withdrawn status Lost status Source of classification or shelving scheme Damaged status Not for loan Collection Home library Current library Shelving location Date acquired Total Checkouts Full call number Barcode Date last seen Copy number Price effective from Koha item type
    Dewey Decimal Classification     Non-Fiction Footprints International School Library Network Toul Kork Campus Footprints International School Library Network Toul Kork Campus   07/10/2023   OSB 973.3 E208.O83 FIS00550 07/10/2023 1 07/10/2023 Books
    Dewey Decimal Classification     Non-Fiction Footprints International School Library Network Toul Kork Campus Footprints International School Library Network Toul Kork Campus   07/10/2023   OSB 973.3 E208.O83 FISBK00122 08/24/2023 2 07/10/2023 Books